|
|
|
|
| LEADER |
00000nab a2200000 ar4500 |
| 001 |
vtls011591441 |
| 003 |
SK-MaSNL |
| 005 |
20260305022530.0 |
| 008 |
180911c2016 xo wr|p|||||||000 b|slo |
| 038 |
|
|
|a PPPK
|
| 040 |
|
|
|a PPPKCL
|b slo
|c PPPKCL
|e AACR2
|
| 041 |
0 |
|
|a slo
|
| 044 |
|
|
|a xo
|c SK
|
| 080 |
|
|
|a 911.375.5
|2 2011
|
| 080 |
|
|
|a 728.5
|x (437.6-17)
|2 2011
|
| 080 |
|
|
|a 911.375
|x (437.6)
|2 2011
|
| 245 |
0 |
0 |
|a Údaje o nadmorskej výške sídiel sa rozchádzajú
|c [text] (rov) ; Snímka: Pavol Kulanga
|
| 300 |
|
|
|b Fotogr.
|
| 610 |
2 |
7 |
|a Skalnatá chata (Vysoké Tatry, Slovensko)
|2 pppkcl
|9 54565
|
| 650 |
0 |
7 |
|a nadmorská výška
|2 pppkcl
|9 79473
|
| 650 |
0 |
7 |
|a horské chaty
|2 pppkcl
|9 98865
|
| 650 |
0 |
7 |
|a mestá
|2 pppkcl
|9 2929
|
| 651 |
|
7 |
|a Tatranská Lomnica (Vysoké Tatry, Slovensko)
|2 pppkcl
|9 160914
|
| 651 |
|
7 |
|a Poprad (Slovensko)
|2 pppkcl
|9 20155
|
| 700 |
1 |
|
|a Kulanga, Pavol
|4 pht
|9 1082905
|
| 773 |
0 |
|
|t Podtatranské noviny
|g Roč. LVI, č. 45 (2016), s. 7
|x 1210-2423
|
| 852 |
|
|
|a PPPK
|b KIS3GCP
|
| 999 |
|
|
|c 3291350
|d 3293280
|